Politics and public management : an introduction /

Bibliographic Details
Main Author: Crew, Robert E.
Format: Book
Language:English
Published: St. Paul : West Pub. Co., [1992]
Subjects:

MARC

Tag First Indicator Second Indicator Subfields
LEADER 00000cam a2200000 a 4500
001 in00002036613
005 20151101052754.0
008 910802s1992 mnu b 001 0 eng
010 |a  91031305  
020 |a 0314894160 (soft : alk. paper) 
035 |a (OCoLC)ocm24320147 
040 |a DLC  |c DLC  |d OCL  |d TXA  |d UtOrBLW 
049 |a TXAM 
050 0 0 |a JF1351  |b .C73 1992 
082 0 0 |a 350  |2 20 
100 1 |a Crew, Robert E. 
245 1 0 |a Politics and public management :  |b an introduction /  |c Robert E. Crew, Jr. 
264 1 |a St. Paul :  |b West Pub. Co.,  |c [1992] 
264 4 |c ©1992 
300 |a xvi, 298 pages ;  |c 26 cm. 
336 |a text  |b txt  |2 rdacontent 
337 |a unmediated  |b n  |2 rdamedia 
338 |a volume  |b nc  |2 rdacarrier 
504 |a Includes bibliographical references and index. 
536 |a Dr. Paul P. Van Riper Collection Department of Political Science, 2004. 
650 0 |a Public administration. 
650 0 |a Public administration  |v Case studies. 
948 |a cataloged  |b h  |c 2005/3/10  |d c  |e ceaton  |f 1:30:12 pm 
994 |a C0  |b TXA 
999 |a MARS 
999 f f |s 234becce-bf05-3e1f-8ff0-94c700e3e9ff  |i 4fddea01-54b3-35ad-8790-0ed7fc4ae03f  |t 0 
952 f f |p ric  |a Texas A&M University  |b Rellis Campus  |c Joint Library Facility  |d Remote Storage  |t 0  |e JF1351 .C73 1992  |h Library of Congress classification  |i unmediated -- volume  |m A14832306439 
998 f f |a JF1351 .C73 1992  |t 0  |l Remote Storage